ბათუმის შოთა რუსთაველის სახელმწიფო უნივერსიტეტის ბიბლიოთეკა

Финансовые риски. (ბიბ.ჩანაწერი № 44281)

000 -LEADER
fixed length control field 00861nam a2200253Ia 4500
001 - CONTROL NUMBER
control field 11039
003 - CONTROL NUMBER IDENTIFIER
control field GE_BSU
008 - FIXED-LENGTH DATA ELEMENTS--GENERAL INFORMATION
fixed length control field 181216s||||||||xx |||||||||||||| ||und||
020 ## - INTERNATIONAL STANDARD BOOK NUMBER
International Standard Book Number 9785774905041
040 ## - CATALOGING SOURCE
Transcribing agency GE_BSU
080 ## - UNIVERSAL DECIMAL CLASSIFICATION NUMBER
Universal Decimal Classification number 336.6
100 ## - MAIN ENTRY--PERSONAL NAME
Personal name Четыркин,Е.М.
245 ## - TITLE STATEMENT
Title Финансовые риски.
245 ## - TITLE STATEMENT
Remainder of title Науч.пособие.
245 ## - TITLE STATEMENT
Statement of responsibility, etc. Гл.ред.Ю.В.Луизо,Ред.Т.С.Шарфумова-Сменцовская;Худ.В.П.Коршунов.
260 ## - PUBLICATION, DISTRIBUTION, ETC.
Place of publication, distribution, etc. Москва
260 ## - PUBLICATION, DISTRIBUTION, ETC.
Name of publisher, distributor, etc. Дело АНХ.
260 ## - PUBLICATION, DISTRIBUTION, ETC.
Date of publication, distribution, etc. 2008.
300 ## - PHYSICAL DESCRIPTION
Extent 176стр,21см.
520 ## - SUMMARY, ETC.
Summary, etc. Акад.Нар. Хозяйства при правительстве РФ.Институт Мировой экон. и межд.отношений РАН.
653 ## - INDEX TERM--UNCONTROLLED
Uncontrolled term Финансовые риски.
942 ## - ADDED ENTRY ELEMENTS (KOHA)
Koha item type წიგნი
ეგზემპლარები
Withdrawn status Lost status Damaged status Not for loan Date acquired Barcode Date last seen Price effective from Koha item type
        2018-12-17 35364 2018-12-17 2018-12-17 წიგნი
        2018-12-17 35365 2018-12-17 2018-12-17 წიგნი
        2018-12-17 35366 2018-12-17 2018-12-17 წიგნი